| 000 | 00429nam a2200145Ia 4500 | ||
|---|---|---|---|
| 008 | 230917s9999||||xx |||||||||||||| ||und|| | ||
| 040 |
_e76055 _aMAIN |
||
| 041 | _aEnglish | ||
| 082 | _a658.3 S13P | ||
| 100 | _aShafritz, Jay M, ed | ||
| 245 | 4 | _aThe public personnel world: reading on the professional practice | |
| 260 |
_aChicago _bInternational Personnel Management Association _c1977 |
||
| 300 | _ax, 385 p. | ||
| 942 | _cBK | ||
| 999 |
_c204126 _d204126 |
||